000
00219nam a22000857a 4500
008
170207b xxu||||| |||| 00| 0 eng d
100
_9
2794
_a
Gilwall.L.B.P
245
_a
Scoting fr Boys in India
260
_a
New Delhi
_b
SB
_c
2008
999
_c
5991
_d
5991